000 00422nab a2200145Ia 4500
003 ES-SlBCS
005 20210601125303.0
008 140529s1998 xxu||||| |||| 00| 0 eng d
041 _aeng
100 1 _aConee, Earl B.
_9132860
245 0 0 _aSeeing the Truth
_c Earl B. Conee
650 0 4 _aProposiciones
_9132335
773 0 _tPhilosophy and Phenomenological Research
_gvol. 58, 1998, págs. 847-857
_wRev1411
942 _cAR
999 _c527866
_d527866